Score 0/26 Timer 06:00
2 Plays Today
% Correct
Mexico
88.9%
Fred
86.8%
Jamaica
85.8%
Velma
84.1%
Daphne
80.4%
Nicaragua
78.5%
Indiana
75%
Houston
75%
Superman
74.4%
Wonder Woman
73.7%
English
71.2%
Los Angeles
68.8%
Yom Kippur
59.7%
% Correct
Zulu
58.9%
Green Lantern
54.3%
Up
45%
Quebec
40.4%
Rosh Hashanah
37.9%
Bottom
36.3%
Top
35.6%
Ontario
31.8%
Princess
27.2%
Athlete
24.4%
Xhosa
21.1%
Kamchatka
18.1%
Criminal
16.8%
Remove Ads.
Support Sporcle.
Get the best of Sporcle when you Go Orange. This ad-free experience offers more features, more stats, and more fun while also helping to support Sporcle. Thank you for becoming a member.

You're not logged in!

Compare scores with friends on all Sporcle quizzes.
OR
Log In

Show Comments

Extras

Top Quizzes Today


Score Distribution

Your Account Isn't Verified!

In order to create a playlist on Sporcle, you need to verify the email address you used during registration. Go to your Sporcle Settings to finish the process.

Report this User

Report this user for behavior that violates our Community Guidelines.

Details: